[Event "Comtois Masters 5th"]
[Site "Belfort"]
[Date "2002.06.29"]
[Round "2"]
[White "Bologan, Viktor"]
[Black "Koch, Jean Rene"]
[Result "0-1"]
[WhiteElo "2652"]
[BlackElo "2498"]
[Annotator "Bologan,V"]
[PlyCount "136"]
[EventDate "2002.06.27"]
[EventType "tourn"]
[EventRounds "10"]
[EventCountry "FRA"]
[EventCategory "14"]
[SourceTitle "CBM 090"]
[Source "ChessBase"]
[SourceDate "2002.09.20"]
[SourceVersion "1"]
[SourceVersionDate "2002.09.20"]
[SourceQuality "1"]

1. e4 {Huzman} e5 2. Nf3 Nf6 3. Nxe5 d6 4. Nf3 Nxe4 5. d4 d5 6. Bd3 Nc6 7. O-O
Bg4 8. c4 Nf6 9. Nc3 Bxf3 10. Qxf3 Nxd4 11. Qh3 (11. Qe3+ Ne6 12. cxd5 Nxd5 13.
Nxd5 Qxd5 14. Be4 Qb5 15. a4 Qa6 16. Rd1 Be7 17. b4 O-O 18. Qh3 g6 19. Qc3 Ng5
20. Bxg5 Bxg5 21. Qxc7 Rad8 22. Rxd8 Rxd8 {= Bauer C.(2571) - Koch J.(2498),
2- 7-2002 Belfort 2002}) (11. Qg3 Ne6 12. Re1 Be7 13. Bf5 O-O 14. cxd5 Nxd5 15.
Qh3 Nf6 16. Bxe6 {N} fxe6 17. Qxe6+ Rf7 18. Bf4 c6 (18... Bc5 {!?} 19. Rad1 Qf8
{=}) 19. Rad1 Qf8 20. Ne4 Nxe4 21. Rxe4 Kh8 22. Be3 Bf6 23. Qb3 b6 24. a4 Rd8
25. Rxd8 Qxd8 {= Hamdouchi H.(2570) - Koch J.(2498), Belfort 28- 6-2002}) 11...
dxc4 12. Bxc4 Be7 13. Bg5 Qc8 (13... O-O 14. Rad1 c5 15. Rfe1 h6 16. Bxh6 gxh6
17. Qxh6 $36 {Kupreichik-Yusupov, 1987}) 14. Qe3 (14. Qh4 Nf5 15. Qf4 O-O 16.
Rfe1 h6 17. Bxf6 Bxf6 18. Ne4 Bxb2 19. Rab1 g5 20. Qg4 Bg7 21. Qh5 Qd7 22. Nc5
Qd4 23. Rbc1 Nd6 24. Bb3 Rad8 25. Re7 Rde8 26. Rxc7 Qd2 27. Qd1 Qxd1+ 28. Rxd1
Rc8 29. Rd7 Rxc5 {1/2-1/2, Wiersma E.(2404) - Kroeze F.(2374), Netherlands
2000 Ch Netherlands (team) 2000}) (14. Qd3 Ne6 (14... c5 15. Rfe1 Ne6 16. Bxf6
Bxf6 17. Qf5 Kf8 18. Bxe6 fxe6 19. Rxe6 Kf7 20. Rae1 h5 21. Nd5 Rh6 22. Nxf6
gxf6 23. Re7+ Kf8 24. Qd5 {1-0, Howell D. - Van Kemenade R., Port Erin 2001 It
(open)}) 15. Bxe6 fxe6 16. Rfe1 (16. Qc4 $5 {Ponomariov} Qd7 17. Rad1 Qc6 18.
Qxc6+ bxc6 19. Rfe1 Rd8 20. Rxd8+ Kxd8 21. Rxe6 Kd7 22. Re2 Rb8 $14) 16... Qd7
{'!' Huzman.} 17. Qc4 O-O-O 18. Rxe6 Nd5 19. Bxe7 Qxe6 20. Bxd8 Rxd8 21. g3 {
'!?' Huzman.} c6 22. Rd1 Rd7 {=} (22... g5 {Ponomariov R.(2677) - Turov M.
(2546), Kharkov 2001 Cup Rector (cat.13)} 23. h4 gxh4 24. Qxh4)) 14... Ne6 (
14... Nc2 15. Qe2 Nxa1 16. Bxf6 gxf6 17. Nd5 Qd8 18. Nxf6+ Kf8 19. Qh5 $18) 15.
Bxf6 $5 $146 (15. Rfe1 O-O 16. Bh4 Re8 17. Re2 Ng4 18. Qg3 Bxh4 19. Qxg4 Bf6
20. Nd5 Qd8 21. Rd1 c6 22. Ne3 Qc7 23. Nf5 Qf4 24. Bxe6 Qxg4 25. Nh6+ gxh6 26.
Bxg4 {1/2-1/2, Degraeve J.(2589) - Koch J.(2507), Vichy 2000 Ch France}) 15...
Bxf6 16. Nd5 (16. Ne4 $5 Bxb2 (16... Qd8 17. Rad1 Qe7 18. Bxe6 fxe6 19. Nc5 O-O
20. Rd7 Qe8 21. Rxc7 $36) 17. Rab1 Be5 18. Bxe6 fxe6 (18... Qxe6 19. Rfe1 $16)
19. Nc5 Bf6 20. Rxb7 O-O 21. Qxe6+ Qxe6 22. Nxe6 Rf7 $11) 16... Qd8 $1 (16...
Bd4 17. Qe4 c6 18. Nf4) (16... Bxb2 17. Rae1 c6 (17... Kf8 18. Nf4 Bf6 19. Bxe6
fxe6 20. Nxe6+ Kf7 21. Qb3 $16) (17... Qd7 18. Nf4 $40) 18. Nf4) 17. Qb3 (17.
Nf4 Qd4 $1 (17... Qd6 18. Bxe6 (18. Nxe6 fxe6 19. Rfe1 (19. Rad1 Qb6 $14) 19...
O-O 20. Rad1 Qb6 $14) 18... fxe6 19. Rad1 Qe5 20. Nxe6 Qxe3 21. Nxc7+ Kf7 22.
fxe3 $16) (17... Qe7 18. Bxe6 fxe6 19. Nxe6 Kf7 20. Rfe1 $16) 18. Nxe6 Qxe3 19.
Nxc7+ Kd7 20. fxe3 Kxc7 21. Bxf7 (21. Rac1 Kb6 22. Bxf7 Rhf8 23. Bd5 Rad8 24.
Rfd1 $16) 21... Rad8 {=}) 17... Bd4 (17... O-O 18. Nxf6+ (18. Rad1 b5 $1 19.
Bxb5 Nd4 20. Qc4 Nxb5 21. Qxb5 Rb8 22. Qa6 Rxb2 23. Qxa7 $11) 18... Qxf6 19.
Qxb7 Rab8 20. Qxa7 $14 Rxb2 21. Rab1 $14) 18. Qxb7 O-O 19. Rab1 Rb8 20. Qa6 c6
$5 (20... Rxb2 21. Rxb2 Bxb2 22. Qxa7 Qh4 {=}) (20... Qg5 $5 $132) 21. Qxc6
Bxb2 22. Qa4 Be5 23. Rbd1 Rb7 {'?' Huzman.} (23... Rb2 $142) 24. Bd3 $5 {
'!' Huzman.} Qb8 (24... Nd4 25. Qc4 Rd7 $13) (24... g6 25. Qe4 Qb8 26. f4 $40)
25. f4 Bd6 $2 (25... Bd4+ 26. Kh1 Rd8 27. f5 Rxd5 28. fxe6 fxe6 29. Bxh7+ Kxh7
30. Rxd4 $14) 26. Qe4 g6 27. f5 {'|^' Huzman.} Nc5 (27... Bxh2+ 28. Kh1 Nc5 29.
Qd4 Nxd3 30. Nf6+ Kh8 31. Nd7+ Be5 32. Qxd3 $16) 28. Qh4 Be5 (28... Nxd3 29.
Rxd3) 29. f6 (29. Ne7+ Rxe7 30. Qxe7 Bxh2+ 31. Kh1 $16) 29... Re8 (29... Kh8
30. Qh6 Ne6 31. Rf3 $18) 30. Qh6 (30. Ne7+ Rbxe7 (30... Kh8 31. Bc4 $1 $18 (31.
Nxg6+ $1 fxg6 32. f7 Nxd3 33. fxe8=Q+ Qxe8 34. Rxd3 $18)) 31. fxe7 Qc7 32. Rxf7
$1 Kxf7 33. Qxh7+ Kf6 34. Qxg6+ Kxe7 35. Qh7+ Kf6 36. Rf1+ Ke6 37. Bc4+ Kd6 38.
Rd1+ Kc6 39. Qg6+ $18) 30... Ne6 31. Be2 $4 (31. Rf3 Bd4+ 32. Kh1 Qd8 33. Be4
$18) 31... Bd6 {'=' Huzman.} 32. Bg4 Bf8 33. Qh4 Rb2 34. Kh1 Qb7 35. Rfe1 Nc7 {
time '?!' Huzman.} (35... Rxa2 36. Bxe6 (36. Bf3 Qc8 $13) 36... Rxe6 37. Rxe6
fxe6 38. Ne3 $44) 36. Rxe8 Nxe8 37. Qe1 Nc7 38. Ne7+ Bxe7 $6 (38... Kh8 39. Bf3
Qb6 40. Nc6) 39. Bf3 Qb4 40. Qxe7 {time} (40. fxe7 Qxe1+ 41. Rxe1 Ne8 (41...
Kg7 42. h3 $16) 42. Bc6 Rb8 43. g4 f5 (43... f6 44. Rd1 Kf7 45. Rd8 Rb1+ 46.
Kg2 Rb2+ 47. Kg3 Rc2 48. Bxe8+ Kxe7 49. Rb8 Rxa2 50. Bc6 $16) 44. gxf5 gxf5 45.
Rd1 Kf7 46. Rd8 Rb1+ 47. Kg2 Rb6 48. Bxe8+ Kxe7 49. Ra8 Rb2+ 50. Kg3 Rxa2 51.
h4 $16) 40... Qxe7 41. fxe7 f5 42. Re1 (42. Bd5+ Kg7 43. Re1 (43. Bc6 Re2)
43... Rb8 44. Bc6 Kf7 45. h3 h6 46. g4 f4 47. Kg2 g5 48. Kf3 Rc8 49. Bd7 Rb8
50. Ba4 Ne8 51. Bb3+ Kg7 52. Re5 Rc8 $14) 42... Ne8 43. g4 $6 (43. Bd5+ Kg7 44.
Bb3 $14) 43... fxg4 44. Bc6 Kf7 45. Rf1+ Kxe7 46. Re1+ Kf6 47. Rxe8 Rxa2 $11
48. Bb5 h5 49. Kg1 a5 50. Ra8 h4 51. Ra6+ Kg5 52. Bd3 a4 53. Rxg6+ Kf4 54. Ra6
Kf3 55. Rf6+ Ke3 56. Bc4 Ra1+ 57. Kg2 Rc1 58. Re6+ Kd4 59. Be2 a3 60. Ra6 $4 (
60. Bxg4 a2 61. Ra6 a1=Q 62. Rxa1 Rxa1 63. Kh3 {=}) (60. Rd6+ $142 {Huzman} Kc5
(60... Ke3 61. Rd3+ Kxe2 62. Rxa3) (60... Ke5 61. Ra6 Rc2 62. Kf2 a2 63. Ke3)
61. Rd2 (61. Ra6 Rc2 62. Kf2 a2 63. Ke3 g3 64. hxg3 hxg3 65. Bf3 g2 66. Bxg2
Rxg2 67. Kd3 Kb4 68. Ra8) 61... h3+ 62. Kg3 Rg1+ 63. Kf4 g3 64. hxg3 h2 65. Bf3
h1=Q 66. Bxh1 Rxh1 67. g4 $11) 60... Rc2 $19 61. Kf2 a2 62. Ra3 g3+ $1 63. hxg3
hxg3+ 64. Kf3 (64. Ke1) 64... g2 (64... Rc3+ $19) 65. Rd3+ Ke5 66. Rd1 Rb2 67.
Bc4 Rb1 68. Bxa2 Rxd1 0-1

[Event "POL-ch 52nd"]
[Site "Warsaw"]
[Date "1995.??.??"]
[Round "16"]
[White "Kaminski, Marcin"]
[Black "Weglarz, Leszek"]
[Result "1-0"]
[WhiteElo "2455"]
[BlackElo "2365"]
[Annotator "Bulletin"]
[PlyCount "83"]
[EventDate "1995.02.11"]
[EventType "tourn"]
[EventRounds "17"]
[EventCountry "POL"]
[EventCategory "8"]
[SourceTitle "EXT 1999"]
[Source "ChessBase"]
[SourceDate "1998.11.16"]
[SourceVersion "1"]
[SourceVersionDate "1998.11.16"]
[SourceQuality "1"]

1. e4 e5 2. Nf3 Nf6 3. Nxe5 d6 4. Nf3 Nxe4 5. d4 d5 6. Bd3 Be7 7. O-O Nc6 8. c4
Nb4 9. Be2 dxc4 10. Bxc4 O-O 11. Nc3 Nf6 12. Ne5 c6 13. Bg5 b5 14. Bb3 Bb7 15.
Bxf6 Bxf6 16. Ne4 Bxe5 17. dxe5 Qe7 18. Qh5 c5 19. Nd6 c4 20. Bd1 g6 21. Qg4
Bc6 22. f4 Rad8 23. Bf3 f5 24. Qg3 Rxd6 25. exd6 Qxd6 26. Bxc6 Qxc6 27. a4 $1
Nd3 28. axb5 Qc5+ 29. Kh1 Re8 30. h3 Qd4 31. Qf3 Re4 32. Kh2 h5 $2 33. Ra6 Kh7
34. Qg3 Qg7 35. Rfa1 Re7 36. Qg5 $1 Rb7 (36... Nxb2 37. Rxg6 $1 Qxg6 38. Qxe7+
$18) 37. Rc6 Nf2 38. Qf6 Qxf6 39. Rxf6 Ne4 40. Rc6 Rxb5 41. Rxa7+ Kh6 42. Rc8
1-0

[Event "URS-ch46 First League"]
[Site "Ashkhabad"]
[Date "1978.??.??"]
[Round "6"]
[White "Sveshnikov, Evgeny"]
[Black "Kochyev, Alexander"]
[Result "1-0"]
[WhiteElo "2565"]
[BlackElo "2555"]
[Annotator "Bulletin"]
[PlyCount "65"]
[EventDate "1978.10.??"]
[EventType "tourn"]
[EventRounds "17"]
[EventCountry "URS"]
[EventCategory "10"]
[SourceTitle "MCL"]
[Source "ChessBase"]
[SourceDate "1999.07.01"]
[SourceVersion "1"]
[SourceVersionDate "1999.07.01"]
[SourceQuality "1"]

1. e4 e5 2. Nf3 Nf6 3. Nxe5 d6 4. Nf3 Nxe4 5. d4 d5 6. Bd3 Bd6 7. O-O O-O 8. c4
c6 9. Qc2 f5 (9... Na6 10. Bxe4 dxe4 11. Qxe4 Re8 12. Qd3 Nb4 13. Qb3 Bf5 14.
Bg5 $16) 10. Qb3 (10. Nc3 Be6 11. Qb3 $16 {Polugayevsky}) 10... Kh8 11. Nc3 Na6
12. cxd5 cxd5 13. Ne2 $1 Nb4 14. Bf4 a5 15. Bb5 Bxf4 (15... Bd7 16. Bxd6 Bxb5
17. Bxf8 Bxe2 18. Bxb4 Bxf1 19. Kxf1 $16) 16. Nxf4 g5 17. Ne2 g4 18. Ne5 f4 $6
(18... Nd2 19. Qg3 Nxf1 20. Rxf1 {/\Nf4}) 19. Rad1 f3 20. Ng3 Bf5 21. gxf3 $1
$16 Nxg3 22. fxg3 Bc2 23. Qe3 Bxd1 24. Nxg4 $1 $18 Rf5 25. Rxd1 Qb6 26. Bd7 Rf7
27. Qe5+ Rg7 28. Nf6 Rd8 29. Re1 Nd3 30. Qe8+ Rg8 31. Qf7 Qxd4+ 32. Kh1 Qh4 $1
33. Re7 $1 (33. gxh4 Nf2#) 1-0

[Event "POL-ch 52nd"]
[Site "Warsaw"]
[Date "1995.??.??"]
[Round "10"]
[White "Gdanski, Jacek"]
[Black "Weglarz, Leszek"]
[Result "1-0"]
[WhiteElo "2490"]
[BlackElo "2365"]
[Annotator "Bulletin"]
[PlyCount "45"]
[EventDate "1995.02.11"]
[EventType "tourn"]
[EventRounds "17"]
[EventCountry "POL"]
[EventCategory "8"]
[SourceTitle "EXT 1999"]
[Source "ChessBase"]
[SourceDate "1998.11.16"]
[SourceVersion "1"]
[SourceVersionDate "1998.11.16"]
[SourceQuality "1"]

1. e4 e5 2. Nf3 Nf6 3. Nxe5 d6 4. Nf3 Nxe4 5. d4 d5 6. Bd3 Be7 7. O-O O-O 8. c4
Nf6 9. Nc3 dxc4 10. Bxc4 Bg4 11. h3 Bxf3 12. Qxf3 Nc6 13. Be3 Nxd4 14. Qxb7 c5
15. Rad1 Rb8 16. Qa6 Qc7 17. b3 Rb6 18. Qa5 Nf3+ $2 19. gxf3 Nh5 20. Qa4 Rg6+
21. Kh1 Qe5 (21... Ng3+ 22. fxg3 Qxg3 23. Rd2 Qxh3+ 24. Rh2 $18) 22. Rd5 Qf6
23. Be2 1-0

[Event "URS-ch U26"]
[Site "Tbilisi"]
[Date "1989.??.??"]
[Round "?"]
[White "Serper, Grigory"]
[Black "Akopian, Vladimir Eduardovic"]
[Result "1/2-1/2"]
[WhiteElo "2435"]
[BlackElo "2520"]
[Annotator "Bulletin"]
[PlyCount "57"]
[EventDate "1989.01.??"]
[EventType "tourn"]
[EventRounds "15"]
[EventCountry "URS"]
[EventCategory "9"]
[SourceTitle "CBM 012"]
[Source "ChessBase"]
[SourceDate "1989.10.01"]
[SourceVersion "1"]
[SourceVersionDate "1989.10.01"]
[SourceQuality "1"]

1. e4 e5 2. Nf3 Nf6 3. Nxe5 d6 4. Nf3 Nxe4 5. d4 d5 6. Bd3 Bd6 7. O-O O-O 8. c4
c6 9. cxd5 cxd5 10. Nc3 Nxc3 11. bxc3 Bg4 12. Rb1 Nd7 13. h3 Bh5 14. Rxb7 Nb6
15. Bd2 {N} (15. Ba6 Qe8 16. Qe2 Qc6 17. Qb5 Qxc3 $10 {Sokolov,A-Rosentalis,E/
URS/1986/}) 15... h6 {>= 16.Ba6 (!); Nunn} (15... Qc8 $2 16. Rxb6 $1 {Nunn}
axb6 17. Bxh7+ Kxh7 18. Ng5+ Kg6 19. g4 Bxg4 20. hxg4 f5 21. Re1 Rf6 22. Re6 $1
Rxe6 23. gxf5+ $1 $18) 16. Re1 Qc8 17. Ba6 Qc6 18. Ne5 Qxb7 19. Bxb7 Bxd1 20.
Bxa8 Bxe5 21. dxe5 Ba4 22. Bb7 Bb5 23. Rb1 Bc4 24. a3 Rb8 25. Bc6 Rc8 26. Bb5
Rc5 27. Bxc4 Nxc4 28. Bf4 Ra5 29. h4 1/2-1/2

[Event "Bugojno"]
[Site "Bugojno"]
[Date "1978.03.14"]
[Round "14"]
[White "Timman, Jan H"]
[Black "Hort, Vlastimil"]
[Result "1/2-1/2"]
[WhiteElo "2585"]
[BlackElo "2620"]
[Annotator "Bulletin"]
[PlyCount "70"]
[EventDate "1978.02.27"]
[EventType "tourn"]
[EventRounds "15"]
[EventCountry "YUG"]
[EventCategory "14"]
[SourceTitle "MCL"]
[Source "ChessBase"]
[SourceDate "1999.07.01"]
[SourceVersion "1"]
[SourceVersionDate "1999.07.01"]
[SourceQuality "1"]

1. e4 e5 2. Nf3 Nf6 3. Nxe5 d6 4. Nf3 Nxe4 5. d4 (5. Qe2 Qe7 6. d3 Nf6 7. Bg5
Qxe2+ 8. Bxe2 Be7 9. Nc3 c6 10. O-O-O Na6 11. Rhe1 Nc7 12. Ne4 Nxe4 $10 {
Spassky-Hort, Reykjavik (5) cm 1977}) 5... d5 6. Bd3 Be7 7. O-O O-O 8. Re1 Nd6
(8... Nf6 $6 9. Ne5 c5 10. dxc5 Bxc5 11. Nc3 Nc6 12. Bg5 Be7 13. Qf3 $14) 9.
Bf4 Bg4 10. h3 (10. Nbd2 Nd7 11. c3 Bh5 12. Qb3 Nb6 13. Ne5 Re8 14. Qc2 $14 {
Byrne-Reshevsky, USA-ch 1975}) 10... Bxf3 (10... Bh5) 11. Qxf3 c6 12. Nd2 (12.
Qg3 $5 Bh4 13. Qh2 (13. Qg4 f5) 13... Qf6 14. Nd2 $13) 12... Nd7 13. Re2 Re8
14. Rae1 Bf8 15. Qg3 Rxe2 16. Rxe2 Nf6 17. Bg5 Rc8 18. Qf4 $16 h6 19. Bxf6 Qxf6
20. Qxf6 gxf6 21. Kh2 b6 22. Kg3 Rc7 23. Kg4 Bg7 24. Nf3 Kf8 25. c3 c5 26. dxc5
bxc5 27. Nh4 (27. Kh5 {/\Nh2,Ng4}) (27. Rd2) 27... c4 28. Bh7 d4 29. cxd4 (29.
Nf5 d3 30. Re1 $13) 29... f5+ 30. Nxf5 Nxf5 31. Bxf5 Bxd4 32. Kf3 Rc5 33. g4
Rb5 34. Re4 Bb6 35. Rxc4 Rxb2 1/2-1/2

[Event "Hoogovens"]
[Site "Wijk aan Zee"]
[Date "1984.01.27"]
[Round "12"]
[White "Huebner, Robert"]
[Black "Nikolic, Predrag"]
[Result "1/2-1/2"]
[WhiteElo "2620"]
[BlackElo "2570"]
[Annotator "Bulletin"]
[PlyCount "83"]
[EventDate "1984.01.13"]
[EventType "tourn"]
[EventRounds "13"]
[EventCountry "NED"]
[EventCategory "13"]
[SourceTitle "MCL"]
[Source "ChessBase"]
[SourceDate "1999.07.01"]
[SourceVersion "1"]
[SourceVersionDate "1999.07.01"]
[SourceQuality "1"]

1. d4 d5 2. c4 dxc4 3. e3 e5 4. Bxc4 exd4 5. exd4 Nf6 6. Nc3 Be7 7. Nf3 O-O 8.
O-O Nc6 9. Re1 Bg4 10. Bg5 Nd5 $5 (10... Bxf3 11. Qxf3 Qxd4 $5 (11... Nxd4 12.
Qxb7 Rb8 13. Qxa7 (13. Qa6 Rxb2 14. Qxa7) 13... Ra8 $10) 12. Bb5 Bd6) 11. Bxe7
(11. Nxd5 Bxg5) 11... Ncxe7 12. h3 Bh5 13. g4 Bg6 14. Ne5 c6 15. Qf3 Kh8 $5 (
15... Qd6) 16. h4 f6 17. Nxg6+ Nxg6 18. Bxd5 (18. Nxd5 $6 Nxh4 19. Qg3 (19. Qh1
cxd5 20. Qxd5 f5) 19... cxd5 20. Bd3 f5) 18... cxd5 19. h5 Nh4 20. Qg3 f5 21.
g5 Qxg5 22. Qxg5 Nf3+ 23. Kg2 Nxg5 24. Re5 $1 (24. Nxd5 Rad8) (24. Re7 Rf7 25.
Rc1 Kg8) 24... Rad8 25. Rae1 a6 $1 (25... Kg8 26. Nxd5 {/\ Ne7}) 26. Rxd5 Kg8
27. Re7 Rxd5 28. Nxd5 Rd8 29. Ne3 g6 30. hxg6 hxg6 31. d5 b5 $10 32. Ra7 Rd6
33. Kg3 Nf7 34. b3 Kg7 35. a4 bxa4 36. bxa4 Kf6 37. a5 g5 38. Nc4 Rxd5 39.
Rxa6+ Kg7 40. Ra7 Kg6 41. Rc7 Ne5 42. Nxe5+ 1/2-1/2

[Event "EU-chT (Men) 10th"]
[Site "Debrecen"]
[Date "1992.11.??"]
[Round "4.2"]
[White "Wittmann, Walter"]
[Black "Skembris, Spyridon"]
[Result "0-1"]
[WhiteElo "2380"]
[BlackElo "2530"]
[Annotator "Bulletin"]
[PlyCount "120"]
[EventDate "1992.11.20"]
[EventType "team-swiss"]
[EventRounds "9"]
[EventCountry "HUN"]
[SourceTitle "EU-chT"]
[Source "ChessBase"]
[SourceDate "1999.07.01"]
[SourceVersion "2"]
[SourceVersionDate "1999.07.01"]
[SourceQuality "1"]
[WhiteTeam "Austria"]
[BlackTeam "Greece"]
[WhiteTeamCountry "AUT"]
[BlackTeamCountry "GRE"]

1. e4 e5 2. Nf3 Nf6 3. Nxe5 d6 4. Nf3 Nxe4 5. d4 d5 6. Bd3 Bd6 7. O-O O-O 8. c4
c6 9. cxd5 cxd5 10. Nc3 Nxc3 11. bxc3 Bg4 12. h3 Bh5 13. Rb1 Nd7 (13... b6 $5
14. Re1 (14. Rb5 $6 a6 $15) 14... Nc6 (14... Bg6 $6 15. Bxg6 hxg6 16. Ne5 $5
$14 {><d5}) 15. Qa4 Qc7 $5 $13) 14. Rb5 (14. Rxb7 Nb6 $44) 14... Nb6 15. c4
Bxf3 (15... Nxc4 $5) 16. Qxf3 dxc4 17. Bc2 (17. Be4 Qd7 18. a4 Rab8 19. Bf5 Qc6
20. Be4 Qd7 $10 (20... Qc7 $6 21. a5 Nc8 22. Bxh7+ $5 Kxh7 23. Rh5+ Kg8 24. Qf5
$16 {->})) 17... Qd7 18. Rh5 $5 g6 $8 (18... h6 $4 19. Bxh6 gxh6 20. Qf6 {
/\ Rh6} Qe6 21. Bh7+ $1 Kxh7 22. Rxh6+ Kg8 23. Rh8#) (18... f5 $2 19. Bxf5 g6
20. Bxd7 Rxf3 21. Be6+ $16) 19. d5 $6 (19. Rxh7 $2 Kxh7 20. Qh5+ Kg8 21. Bxg6
fxg6 $19) (19. Bf5 Qe7 $5 (19... gxf5 20. Rxh7 Kxh7 $8 21. Qh5+ Kg8 22. Qg5+
$10)) (19. Bh6 {/\ Qf6} f5 $5 $13 (19... Rfe8 20. Ra5 $1 $44 {/\ h4-h5->})) (
19. Ra5 $5 $44 {/\ h4-h5->, Bh6, Rb1 בb}) 19... f5 $5 (19... gxh5 20. Bxh7+ (
20. Bf5 $10) 20... Kxh7 $8 (20... Kg7 $2 21. Qxh5 $18 {עg7}) 21. Qxh5+ $10)
20. Rh4 Qe7 $1 {צh4} 21. g3 $8 (21. Rd4 $2 Qe5 $19) 21... Rae8 $15 {/\ Qe2-+}
22. Be3 (22. Bb2 Qe2 $17 {/\} 23. Qc3 $2 Be5 $19) (22. Bh6 Rf7 {/\ Qe2-/+}) (
22. Bd1 $5 $15 {/\ a4-a5}) 22... Bc5 (22... Qc7 23. a4 $5 {פb6}) 23. d6 (23.
Bxc5 Qxc5 24. Rd1 $15) 23... Qxd6 $1 (23... Bxd6 $2 24. Bxb6 axb6 25. Qd5+ $14)
24. Rd1 $6 (24. Bxc5 $15) 24... Qe7 $6 (24... Rxe3 $5 25. fxe3 Qe7 $17) 25.
Bxc5 Qxc5 26. Qxb7 Rf7 27. Qf3 Rfe7 28. Rd2 $1 {><e2, |^<->d} Qe5 29. Kg2 Kg7
30. Rhd4 Rc7 31. h4 $5 $15 h5 32. Rd6 Re6 33. Rd8 (33. Rxe6 Qxe6 $15) 33...
Ree7 34. R2d6 (34. R8d6 $142 $15 {בd}) 34... Rc8 $1 (34... Re6 $2 35. Rxe6
Qxe6 36. Qc3+ $18) 35. Rxc8 Nxc8 36. Rd8 (36. Ra6 Nb6 $17) 36... Nb6 37. Qc6 $6
(37. a4 $5 $15) 37... Qc7 $1 $17 38. Qxc7 $8 (38. Rg8+ Kxg8 39. Qxg6+ {/\ 39...
Rg7?? 40.Qe8=} Kf8 $1 $19) 38... Rxc7 {R 9/i; /\ Rd7} 39. Rb8 Re7 (39... Rd7
$142 $17) 40. Kf3 Kf6 41. a4 Nd7 $1 42. Rc8 Re1 {ץc2} 43. Rc6+ $1 Re6 44. Rc7
Ne5+ 45. Ke3 $5 (45. Kg2 Rd6 {/\ Rd2}) 45... Nc6+ $1 46. Kd2 Ke5 47. Kc3 Kd6 $1
48. Rg7 (48. Rc8 Re2 $1 $17) 48... Kc5 {/\ Re2} 49. Bd1 Re1 $1 50. Bf3 $6 (50.
Kd2 Rg1 $1 $17 {/\ c3}) 50... Nd4 $1 $19 {עc3, Bf3} 51. Ba8 (51. Rc7+ Kd6)
51... Rc1+ 52. Kb2 (52. Kd2 Rc2+) 52... Rc2+ 53. Ka3 {><b4} Rc3+ 54. Ka2 Rd3 $1
55. Rxa7 (55. Rxg6 Kb4) 55... Rd2+ 56. Ka3 (56. Kb1 $19) 56... Nc2+ 57. Kb2
Nb4+ $1 58. Kb1 $8 (58. Kc3 Rc2#) (58. Ka3 Ra2#) 58... Rxf2 {/\ c3} 59. Rb7 c3
60. Rc7+ (60. Rb5+ Kc4) 60... Kd4 (60... Kd4 61. Rd7+ Ke5 62. Re7+ Kf6 63. Re1
Rb2+ 64. Kc1 (64. Ka1 Nc2#) 64... Nd3+ 65. Kd1 Rd2#) 0-1

[Event "EU-chT (Men) 10th"]
[Site "Debrecen"]
[Date "1992.11.??"]
[Round "6.2"]
[White "Kupreichik, Viktor D"]
[Black "Skembris, Spyridon"]
[Result "0-1"]
[WhiteElo "2545"]
[BlackElo "2530"]
[Annotator "Bulletin"]
[PlyCount "86"]
[EventDate "1992.11.20"]
[EventType "team-swiss"]
[EventRounds "9"]
[EventCountry "HUN"]
[SourceTitle "EU-chT"]
[Source "ChessBase"]
[SourceDate "1999.07.01"]
[SourceVersion "2"]
[SourceVersionDate "1999.07.01"]
[SourceQuality "1"]
[WhiteTeam "Belarus"]
[BlackTeam "Greece"]
[WhiteTeamCountry "BLR"]
[BlackTeamCountry "GRE"]

1. e4 e5 2. Nf3 Nf6 3. Nxe5 d6 4. Nf3 Nxe4 5. c4 Be7 6. d4 O-O 7. Bd3 Ng5 8.
Nfd2 $5 (8. Nxg5) 8... Nc6 (8... f5 9. f4 Ne6 (9... Nf7 10. O-O $14) 10. Nf3
$14 {[+]}) 9. Nb3 Nb4 $5 10. f4 $6 (10. O-O $5 {/\ f4+- פg5} Nxd3 11. Qxd3 g6
$5 $13 (11... h6 12. f4 {/\ f5+/=|^[+]})) 10... Bg4 11. Qd2 $8 (11. Qxg4 Nxd3+
12. Ke2 Ne4 $1 $17) (11. Be2 Bf5 $1 {/\} 12. fxg5 $2 Nc2+ 13. Kf2 Nxa1 14. Nxa1
Bxb1 $19) 11... Nf3+ $3 $8 (11... Re8 12. O-O $1 $18) (11... Nxd3+ 12. Qxd3 Ne6
13. f5 Ng5 14. h4 $18) 12. gxf3 Bh4+ 13. Kf1 $8 (13. Ke2 $2 Re8+ 14. Kd1 Bxf3+
$19) (13. Kd1 Bxf3+ 14. Be2 Bxh1 15. Qxb4 a5 $1 {פb3} 16. Nxa5 $2 c5 $19)
13... Bh3+ 14. Ke2 (14. Kg1 $2 Nxd3 15. Qxd3 f5 {/\ Qf6-g6-+}) 14... a5 $3 {
פb3} (14... Bg2 15. Rg1 Re8+ 16. Be4 $1) 15. Kd1 (15. Nc3 a4) (15. Rg1 Qd7 $5
{/\ Rae8-> עe2}) (15. a3 Re8+ 16. Kd1 Nxd3 17. Qxd3 Bf2 {/\ Bg2, Qh4-> צh1,
h2, Kd1}) 15... Qd7 $1 16. a3 (16. Bf1 Bf5 17. Na3 Rfe8 18. Bg2 Nd3 19. Rf1 a4
$19) (16. a4 Qc6 $1 17. d5 Qb6 {/\ Rfe8, Bf2, Bg2->}) 16... Nxd3 17. Qxd3 Bf5
$1 18. Qc3 (18. Qd2 $2 a4 $19) (18. Qf1 Qa4 19. N1d2 Rfe8 {/\ Re3-+->}) 18...
a4 19. N3d2 (19. N1d2 Rfe8 $1) 19... Rfe8 {/\ Qe7-e1} 20. Nf1 $8 (20. Ne4 Bxe4
21. fxe4 Qg4+ 22. Kc2 Qg2+ $19) 20... Re1+ 21. Qxe1 (21. Kd2 Rae8 $19) 21...
Bxe1 22. Kxe1 Bxb1 $1 23. Rxb1 Qf5 $17 24. Ra1 Re8+ 25. Ne3 (25. Kf2 $17 {>=})
25... Qxf4 26. Kf2 Qxd4 27. Rd1 Qh4+ 28. Kg1 Re6 29. Ng2 Rg6 30. Be3 Qh3 31.
Rd2 Qxf3 32. Re1 h5 $1 33. Bd4 (33. h4 Qg3) 33... h4 34. Re8+ Kh7 35. h3 (35.
Re3 Rxg2+ $1 36. Rxg2 Qd1+ 37. Kf2 Qxd4 $19) 35... Qxh3 36. Re3 (36. Re4 f5 37.
Rf4 Qg3) 36... Qf5 $1 {/\ h3-+} 37. Kh2 $1 Rg3 $1 {/\ 38...Qh3, 38...c5} 38.
Rxg3 $6 hxg3+ $19 39. Kh1 $8 (39. Kg1 Qb1+) (39. Kxg3 Qg5+) 39... c5 40. Be3 (
40. Bg1 Qh5+) 40... Qf1+ 41. Bg1 f5 42. Rxd6 Qxc4 43. Rb6 (43. Ne3 Qe4+) 43...
Qg4 (43... Qg4 44. Be3 Qd1+ 45. Bg1 Qh5+ $19) 0-1

[Event "EU-chT (Men) 10th"]
[Site "Debrecen"]
[Date "1992.11.??"]
[Round "8.1"]
[White "Georgiev, Kiril"]
[Black "Ivanchuk, Vassily"]
[Result "1/2-1/2"]
[WhiteElo "2605"]
[BlackElo "2720"]
[Annotator "Bulletin"]
[PlyCount "72"]
[EventDate "1992.11.20"]
[EventType "team-swiss"]
[EventRounds "9"]
[EventCountry "HUN"]
[SourceTitle "EU-chT"]
[Source "ChessBase"]
[SourceDate "1999.07.01"]
[SourceVersion "2"]
[SourceVersionDate "1999.07.01"]
[SourceQuality "1"]
[WhiteTeam "Bulgaria"]
[BlackTeam "Ukraine"]
[WhiteTeamCountry "BUL"]
[BlackTeamCountry "UKR"]

1. e4 e5 2. Nf3 Nf6 3. Nxe5 d6 4. Nf3 Nxe4 5. d4 d5 6. Bd3 Nc6 7. O-O Be7 8. c4
Nb4 9. Be2 O-O 10. Nc3 Be6 11. Be3 Bf5 12. Rc1 dxc4 13. Bxc4 c6 14. Ne5 Nxc3
15. bxc3 Nd5 16. Qb3 $6 (16. Qf3) 16... f6 17. Nf3 (17. Qxb7 $2 fxe5 18. Qxc6
Be4 $19) 17... b5 (17... Qd7 $142 $5 18. Rfe1 Kh8 19. Bd2 Bd6 (19... Bg4 $5)
20. Bf1 Nf4 (20... Rae8 21. g3) 21. Nh4 $13) 18. Be2 Kh8 19. Bd2 Nb6 (19... Bd6
$5 {/\ Nf4}) 20. Rfe1 Qd7 21. c4 bxc4 22. Bxc4 Nxc4 23. Qxc4 Rfc8 24. Nh4 Bf8
25. Nxf5 (25. h3 h6 $10) 25... Qxf5 26. Bb4 Bxb4 27. Qxb4 Rab8 28. Qe7 h6 29.
Qxa7 Rb2 30. Rf1 Re8 31. a4 (31. Qa6 Ree2 32. Qxc6 Rxa2 33. d5 (33. Rc5 Qe4 $10
) 33... Kh7 34. Qc5 Rad2 $10) 31... Ree2 32. d5 Qxd5 33. a5 Ra2 34. a6 Qb5 35.
Qa8+ Kh7 36. Qxc6 Qxa6 1/2-1/2